000
00459nam a2200181Ia 4500
008
090124s9999 xx 000 0 und d
082
_b
120557
100
_a
मंगेशकर गीता
245
_a
दौलत
250
_a
1
260
_c
1984
300
_a
180+15
600
_a
मंगेशकर गीता
630
_a
दौलत
700
_a
मंगेशकर गीता
730
_a
दौलत
942
_c
BOOK
999
_c
166643
_d
166643